Οικολογικά θερμές περιοχές στον Ελλαδικό χώρο : πτυχιακή εργασία

Αποθηκεύτηκε σε:
Λεπτομέρειες βιβλιογραφικής εγγραφής
Κύριος συγγραφέας: Δημητρακόπουλος, Παναγιώτης Γ.
Συγγραφή απο Οργανισμό/Αρχή: Πανεπιστήμιο Αιγαίου. Σχολή Περιβάλλοντος. Τμήμα Περιβάλλοντος
Άλλοι συγγραφείς: Τρούμπης, Ανδρέας (Εισηγητής διατριβής)
Μορφή: Thesis Βιβλίο
Γλώσσα:Greek
Δημοσίευση: Μυτιλήνη : Πανεπιστήμιο Αιγαίου, Τμήμα Περιβάλλοντος, Τομέας Διαχείρισης Οικοσυστημάτων, 1994
Θέματα:
Διαθέσιμο Online:http://hdl.handle.net/11610/9843
Ετικέτες: Προσθήκη ετικέτας
Δεν υπάρχουν, Καταχωρήστε ετικέτα πρώτοι!

MARC

LEADER 00000cam a2200000 i 4500
001 1/4403
008 000529s1994 gre d
035 |l 10061178 
040 |a GR-MY-UA  |b gre  |e aacr 
041 0 |a gre 
082 0 |a 577  |2 (22) 
100 1 |a Δημητρακόπουλος, Παναγιώτης Γ. 
245 1 0 |a Οικολογικά θερμές περιοχές στον Ελλαδικό χώρο :  |b πτυχιακή εργασία /  |c Παναγιώτης Γ. Δημητρακόπουλος ; υπεύθυνος καθηγητής: Α. Ι. Τρούμπης 
260 |a Μυτιλήνη :   |b Πανεπιστήμιο Αιγαίου, Τμήμα Περιβάλλοντος, Τομέας Διαχείρισης Οικοσυστημάτων,   |c 1994 
300 |a 88 σ.;  |b πιν., σχ.;  |c 30 εκ. 
500 |a Μέλη εξεταστικής επιτροπής:Μάργαρης Ν. Σ., Χαλβαδάκης Κ.Π. 
502 |a Πτυχιακή εργασία – Πανεπιστήμιο Αιγαίου, Λέσβος, 1994. 
504 |a Περιέχει παράρτημα και βιβλιογραφία 
650 0 0 |a Biological diversity conservation  |z Greece. 
650 0 0 |a Biological diversity  |z Greece. 
650 0 0 |a Dissertations, Academic  |z Greece. 
700 1 |a Τρούμπης, Ανδρέας.  |4 ths 
710 2 |a Πανεπιστήμιο Αιγαίου.   |b Σχολή Περιβάλλοντος.   |b Τμήμα Περιβάλλοντος. 
852 |a INST  |b LESVOS  |c DIATR  |e 20000529  |h 135  |p 005100026190  |q 005100026190  |t DIE  |y 23 
852 |a INST  |b LESVOS  |c DIATR  |e 20000529  |h 136  |p 005100026191  |q 005100026191  |t DIE  |y 23 
856 |u http://hdl.handle.net/11610/9843 
901 |a BIBL1-2000-2 
909 |a Λ  |b 078962 
909 |a Λ  |b 078963 
924 |a ΔΗΜΗΤΡΑΚΟΠΟΥΛΟΣ  |b ΠΑΝΑΓΙΩΤΗΣ Γ.  |y ΛΕΣΒΟΣ  |z 1993-03 
970 |a ΑΙΒΑΤΖΙΔΟΥ  |b ΕΛΕΝΗ  |z 2000/05/29